A narrative inquiry : the experience of first-generation college students /

Simply because their parents did not attend college, first-generation college students are at a higher risk of dropping out than other college students, if their needs are not met. A number of researchers have conducted studies of first-generation college students in order to assess their needs. How...

Full description

Bibliographic Details
Main Authors: Stitt, Rashunda L. (Author), Winsor, Denise, 1965- (Author)
Format: eBook
Language:English
Published: [Los Angeles, California] : SAGE, 2014.
Series:SAGE research methods. Cases.
Subjects:
Online Access:Connect to the full text of this electronic book

MARC

Tag First Indicator Second Indicator Subfields
LEADER 00000cam a2200000 i 4500
001 in00005681069
005 20260205205505.9
006 m o d
007 cr |||||||||||
008 151110s2014 cau fob 000 0 eng d
040 |a UAB  |b eng  |e rda  |e pn  |c UAB  |d OCLCO  |d OCLCQ  |d COO  |d SAV  |d MERER  |d OCLCQ  |d SGPBL  |d OCLCF  |d OCLCQ  |d INT  |d OCLCQ  |d WYU  |d OCLCQ  |d AGL  |d K6U  |d OCLCO  |d OCLCQ  |d OCLCO  |d OCLCL 
020 |a 9781473950740  |q (ebook) 
020 |a 1473950740  |q (ebook) 
035 |a (OCoLC)953359508 
050 4 |a LB2343.3 
070 0 |a LB2343.3  |b S758 2014 
082 0 4 |a 378.198072  |2 23 
049 |a TXAM 
100 1 |a Stitt, Rashunda L.,  |e author. 
245 1 2 |a A narrative inquiry :  |b the experience of first-generation college students /  |c Rashunda L. Stitt & Denise L. Winsor. 
264 1 |a [Los Angeles, California] :  |b SAGE,  |c 2014. 
300 |a 1 online resource 
336 |a text  |b txt  |2 rdacontent 
337 |a computer  |b c  |2 rdamedia 
338 |a online resource  |b cr  |2 rdacarrier 
490 1 |a SAGE research methods. Cases 
504 |a Includes bibliographical references. 
520 8 |a Simply because their parents did not attend college, first-generation college students are at a higher risk of dropping out than other college students, if their needs are not met. A number of researchers have conducted studies of first-generation college students in order to assess their needs. However, a majority of these studies are quantitative and ask the first-generation student to answer multiple closed-ended questions. Such restrictive questions allow students to express their feelings only about previously provided prompts. As a result, the voice of the first-generation college student is silenced. 
588 0 |a Online resource; title from home page (viewed on November 10, 2015). 
650 0 |a First-generation college students  |x Research  |v Case studies. 
650 0 |a Narrative inquiry (Research method)  |v Case studies. 
650 6 |a Étudiants de première génération  |x Recherche  |v Études de cas. 
650 6 |a Histoires de vie  |v Études de cas. 
650 7 |a Narrative inquiry (Research method)  |2 fast 
655 7 |a Electronic books.  |2 local 
655 7 |a Case studies  |2 fast 
700 1 |a Winsor, Denise,  |d 1965-  |e author.  |1 https://id.oclc.org/worldcat/entity/E39PCjFc7gdTvt4tG9WXpfrRfC 
758 |i has work:  |a A narrative inquiry (Text)  |1 https://id.oclc.org/worldcat/entity/E39PCGhrgDxdBktjMd4TmtRfWP  |4 https://id.oclc.org/worldcat/ontology/hasWork 
830 0 |a SAGE research methods. Cases. 
856 4 0 |u http://proxy.library.tamu.edu/login?url=https://methods.sagepub.com/case/a-narrative-inquiry-the-experience-of-first-generation-college-students  |z Connect to the full text of this electronic book  |t 0 
936 |a BATCHLOAD 
955 |a SAGE Research Methods Cases 1 
994 |a 92  |b TXA 
999 f f |i 15030154-2296-4baa-af1f-a5ef904320bd  |s 33d68056-ea4e-42b3-a0a0-266d51cbe01c  |t 0 
952 f f |a Texas A&M University  |b College Station  |c Electronic Resources  |s www_evans  |d Available Online  |t 0  |e LB2343.3   |h Library of Congress classification 
998 f f |a LB2343.3   |t 0  |l Available Online